Normal view
MARC view
- Precalculus
Entry Topical Term
001 - CONTROL NUMBER
- control field: 103093
003 - CONTROL NUMBER IDENTIFIER
- control field: NUST
005 - DATE AND TIME OF LATEST TRANSACTION
- control field: 20221118154038.0
008 - FIXED-LENGTH DATA ELEMENTS
- fixed length control field: 221118|| aca||aabn | a|a d
040 ## - CATALOGING SOURCE
- Original cataloging agency: NUST
- Transcribing agency: NUST
150 ## - HEADING--TOPICAL TERM
- Topical term or geographic name entry element: Precalculus
- Form subdivision: Textbooks
670 ## - SOURCE DATA FOUND
- Source citation: Work cat.: (NUST)0: Stewart, James, 1941- 14812, Precalculus :, c2006.
